|
|
|
|
| LEADER |
00000nas a22000007i 4500 |
| 001 |
ssj0000741719 |
| 003 |
WaSeSS |
| 005 |
20200512172242.0 |
| 006 |
m d |
| 007 |
cr n |
| 008 |
140723c20089999nyuqr p s 0 a0eng |
| 010 |
|
|
|a 2014202920
|
| 022 |
|
|
|a 2374-0574
|y 1939-5825
|
| 035 |
|
|
|a (WaSeSS)ssj0000741719
|
| 037 |
|
|
|b Nova Science Publishers, 400 Oser Ave., Ste. 1600, Hauppauge, NY 11788-3619
|
| 040 |
|
|
|a DLC
|b eng
|c DLC
|d OCLCO
|d CUS
|d OCLCA
|d NTG
|d WaSeSS
|
| 042 |
|
|
|a pcc
|a nsdp
|
| 043 |
|
|
|a a-gs---
|
| 050 |
1 |
4 |
|a Q1
|
| 082 |
1 |
0 |
|a 505
|2 14
|
| 210 |
0 |
|
|a Georgian int. j. sci. technol. med.
|b (Online)
|
| 222 |
|
0 |
|a Georgian international journal of science, technology and medicine
|b (Online)
|
| 245 |
0 |
0 |
|a Georgian international journal of science, technology and medicine
|h [electronic resource].
|
| 260 |
|
|
|a Hauppauge, NY :
|b Nova Science Publishers,
|c 2008-
|
| 310 |
|
|
|a Quarterly
|
| 362 |
1 |
|
|a Began with: Volume 1, issue 1 (2008).
|
| 506 |
|
|
|a License restrictions may limit access.
|
| 588 |
|
|
|a Description based on: Volume 1, issue 1 (2008); title from PDF cover image (Nova Science website, viewed on July 23, 2014).
|
| 588 |
|
|
|a Latest issue consulted: Volume 6, issue 4 (2014) (viewed on July 23, 2014).
|
| 650 |
|
0 |
|a Science
|v Periodicals.
|
| 650 |
|
0 |
|a Science
|z Georgia (Republic)
|v Periodicals.
|
| 650 |
|
7 |
|a Science.
|2 fast
|0 (OCoLC)fst01108176
|
| 651 |
|
7 |
|a Georgia (Republic)
|2 fast
|0 (OCoLC)fst01221658
|
| 655 |
|
0 |
|a Electronic journals.
|
| 710 |
2 |
|
|a Nova Science Publishers.
|
| 776 |
0 |
8 |
|i Print version:
|t Georgian international journal of science, technology and medicine
|x 1939-5825
|w (DLC) 2007212267
|w (OCoLC)166230897
|
| 856 |
4 |
0 |
|z Full text available from Research Library: 01/01/2012 to 10/31/2014
|u https://search.proquest.com/publication/2034877
|